00895nam a2200241 a 450000100100000000500170001000800410002704000250006808200200009310000280011324500740014126000570021530000200027249000370029250000340032965000300036365000320039370000330042583000450045804900090050395201240051299900170063600002508820200930023546.0110201s1973 ve r 000 | spa d aDO-SdBNPbspacBNPHU aVe863.44bA473c1 aAlvarez, Mariela95148014aCuestión de tiempo /cMariela Alvarez; introducción José Balza. aCaracas, (Venezuela) :bMonte Avila Editores,c1973. a65 p. ;c16 cm.1 aBiblioteca Popular El doradov73 aIncluye dos lista colección 4aCuentos venezolanos93815 4aLiteratura venezolana938161 aBalza, José,eintr.920661 0aBiblioteca popular el dorado,v73913605 aBNGR 001054708MOaGRbGRcCTd2011-02-09iLF1l0oVe863.44 A473cp25088-10r2020-06-25w2020-06-25y4ZPréstamo en sala c24581d24581